Najwyższy overall piłkarzy w każdej Fifie. - Statystyki

Ogólne statystyki
  • Ten quiz został rozwiązany 28 razy
  • Średni wynik to 11 z 26
Statystyki odpowiedzi
Fifa Piłkarz Overall % Poprawnych
FIFA 2019 Cristiano Ronaldo 94
70%
EA FC 25 Kylian Mbappe 91
70%
FIFA 2020 Lionel Messi 94
70%
FIFA 2021 Lionel Messi 93
70%
FIFA 2022 Lionel Messi 93
70%
FIFA 2017 Cristiano Ronaldo 94
65%
EA FC 24 Kylian Mbappe 91
65%
FIFA 2012 Lionel Messi 94
60%
FIFA 2015 Lionel Messi 93
60%
FIFA 2016 Lionel Messi 94
60%
FIFA 2018 Lionel Messi 94
60%
FIFA 2013 Lionel Mess 94
55%
FIFA 2011 Lionel Messi 90
55%
FIFA 2014 Lionel Messi 94
55%
FIFA 2010 Lionel Messi 90
50%
FIFA 2000 Ronaldo Nazario 97
50%
FIFA 2006 Ronaldinho 95
30%
FIFA 2001 Rivaldo 96
25%
FIFA 2023 Karim Benzema 91
20%
FIFA 2002 Luis Figo 97
10%
FIFA 2004 Ronaldo Nazario 98
10%
FIFA 2003 Matteo Brighi 97
5%
FIFA 2008 Ronaldinho 91
5%
FIFA 2005 Thierry Henry 97
5%
FIFA 2007 Wayne Rooney 92
5%
FIFA 2009 Iker Casillas 91
0%
Nie znaleziono quizów pasujących do podanych kryteriów
Rozkład punktacji
Procent ludzi z każdym wynikiem
Percentyl według liczby udzielonych odpowiedzi
Twoja historia wyników
Nie rozwiązałeś tego quizu